Statistieken voor Meest Bevolkte Landen A-Z

Klik hier om de quiz te nemen!

Algemene statistieken

  • Deze quiz is 574 keer genomen
  • De gemiddelde score is 16 van 23

Antwoordstatistieken

LetterInwonersLand% Correct
C1.433.667.202China
99%
I1.435.981.430India
96%
R144.167.597Rusland
93%
B217.112.644Brazilië
91%
V344.599.212Verenigde Staten
91%
Q2.728.219Qatar
80%
J122.925.367Japan
78%
M128.980.890Mexico
75%
Z60.723.756Zuid-Afrika
73%
U3.422.988Uruguay
72%
N226.766.003Nigeria
70%
P243.119.182Pakistan
69%
A45.988.904Algerije
63%
D104.114.752Democratische
Republiek Congo
62%
T86.067.798Turkije
61%
F118.325.633Filipijnen
59%
E128.302.458Ethiopië
57%
L7.691.966Laos
51%
G34.485.172Ghana
47%
H11.804.243Haïti
46%
O49.328.050Oeganda
46%
K55.710.079Kenia
45%
S48.803.569Soedan
43%

Scoreverdeling

Percentiel versus Aantal Correcte Antwoorden

Procent van Mensen met Elke Score

Uw Scoregeschiedenis

U heeft deze quiz nog niet genomen